| 000 | 00679nam a2200229Ia 4500 | ||
|---|---|---|---|
| 001 | dia_1110 | ||
| 003 | CHAP | ||
| 005 | 20230120102510.0 | ||
| 008 | 220117s1968 xx 000 0 und d | ||
| 010 | _a171656 | ||
| 040 | _cCHAP | ||
| 082 | _a348.4972 L44 | ||
| 100 |
_aLemus García, Raúl _965959 |
||
| 245 |
_aSistemática jurídica del problema agrario / _c por Sergio Lemus García |
||
| 260 |
_aMéxico : _b, _c1968 |
||
| 400 | _aREVISTA DEL MEXICO AGRARIO, No. 2,5,91 | ||
| 650 |
_aSistemática jurídica _xAgrario _9150044 |
||
| 901 | _a348.4972 L44 | ||
| 902 | _aM | ||
| 905 | _a0000001968 mx X 0000000000spa00 | ||
| 942 |
_cLIBRO _2ddc |
||
| 999 |
_c171656 _d171656 |
||